Pop culture en images - G - Statistiques

Statistiques générales
  • Ce quiz a été pris 379 fois
  • Le résultat moyen est 9 sur 16
Statistiques - réponses
Par images Réponse % Correct
Groot
95%
Gollum
93%
Grosminet
84%
Geppetto
76%
Gremlin Gizmo
76%
Gaara
70%
Gary
66%
Gojo
63%
Gloria
56%
Genos
45%
Guts
43%
Geralt de Riv
36%
Garen
31%
Grogu
29%
Garry's mod
17%
Galaxy Life
7%
Aucun quiz correspondant
Distribution des résultats
% des personnes avec chaque résultat
Percentile par nombre de réponses
Votre historique - résultats
Vous n’avez pas pris ce quiz